Normal view
MARC view
- Biography
Entry Topical Term
001 - CONTROL NUMBER
- control field: 11701
003 - CONTROL NUMBER IDENTIFIER
- control field: NUST
005 - DATE AND TIME OF LATEST TRANSACTION
- control field: 20180716111942.0
008 - FIXED-LENGTH DATA ELEMENTS
- fixed length control field: 180716|| aca||aabn | a|a d
040 ## - CATALOGING SOURCE
- Original cataloging agency: NUST
- Transcribing agency: NUST
150 ## - HEADING--TOPICAL TERM
- Topical term or geographic name entry element: Biography
- Chronological subdivision: 19th century.
670 ## - SOURCE DATA FOUND
- Source citation: Work cat.: (NUST)173197: Blanch, Lesley. 446, Pavilions of the heart :, 2008.
